Beilsteins handbuch der organischen chemie: erster ergänzungwerk die literatur von 1910-1919 umfassend; Band 17-19.

Podrobná bibliografie
Hlavní autor: Richter F. Friedrich
Jazyk:němčina
Vydáno: Berlin, Verlag von Julius Springer, 1934
Vydání:4te auflage
Témata:
Médium: Kniha
KOHA link:https://koha.lib.tpu.ru/cgi-bin/koha/opac-detail.pl?biblionumber=130030

MARC

LEADER 00000nam0a2200000 4500
001 130030
005 20231031133758.0
035 |a (RuTPU)RU\TPU\book\140811 
035 |a RU\TPU\book\140808 
090 |a 130030 
100 |a 20080130d1934 k y0gery50 ba 
101 0 |a ger 
102 |a DE 
105 |a y z 001zy 
200 1 |a Beilsteins handbuch der organischen chemie  |e erster ergänzungwerk die literatur von 1910-1919 umfassend  |h Band 17-19. 
205 |a 4te auflage 
210 |a Berlin  |c Verlag von Julius Springer  |d 1934 
215 |a 901 s. 
317 |5 63413507: 270398  |a Культурные ценности, перемещенные в СССР в результате Второй мировой войны 
320 |a Register: s. 842-899. 
610 1 |a органическая химия 
610 1 |a справочники 
610 1 |a немецкий язык 
675 |a 547(035)  |v 3 
700 1 |a Richter  |b F.  |g Friedrich 
801 1 |a RU  |b 63413507  |c 20080130  |g PSBO 
801 2 |a RU  |b 63413507  |c 20081222  |g PSBO 
942 |c BK